Tesol Quarterly Teachers of English to Speakers of other Languages. Volume 33 / number 3

Enregistré dans:
Détails bibliographiques
Auteur principal: Alatis, James E.
Format: Livre
Langue:English
Publié: Georgetown University Washington, DC, 1999.
Sujets:
Tags: Ajouter un tag
Pas de tags, Soyez le premier à ajouter un tag!
Thư viện lưu trữ: Mạng thư viện Đại học Đà Nẵng
LEADER 00998nam a22002651a 4500
001 000034622
003 10827
005 20250808100407.0
008 151027s1999 000 eng
041 |a eng 
082 |a 420.8  |b AL-J  |2 Volume 33 
100 |a Alatis, James E. 
245 0 |a Tesol Quarterly Teachers of English to Speakers of other Languages. Volume 33 /  |c James E.Alatis  |n number 3 
260 |a Georgetown University Washington, DC,  |c 1999. 
300 |a 616tr. : ;  |c 24cm. 
650 |a Tesol Quarterly  |a English to Speakers  |a Teachers of English 
OWN |a LNN 
AVA |a UDN50  |b LNN  |c English  |d 420.8 AL-J  |e available  |t Error 5001 Not defined in file expand_doc_bib_avail.  |f 1  |g 0  |h N  |i 0  |j AN  |k 1 
999 |a From the UDN01 
AVA |a UDN50  |b LNN  |c English  |d 420.8 AL-J  |e available  |t Error 5001 Not defined in file expand_doc_bib_avail.  |f 1  |g 0  |h N  |i 0  |j AN  |k 1 
TYP |a Monograph 
980 |a Mạng thư viện Đại học Đà Nẵng